000 00642nam a2200205 4500
001 130963
003 ES-MaACL
005 20250828063253.0
007 t|
008 070214s1956 sp r ||||1| spa d
100 1 _aRobbe-Grillet, Alain,
_d1922-2008
_997786
245 1 3 _aEl mirón /
_cAlain Robbe-Grillet ; versión española de Juan Petit.
260 _aBarcelona :
_bSeix Barral,
_c1956.
300 _a283 p. ;
_c18 cm.
490 1 _aBiblioteca breve ;
_v108
700 1 _aPetit, Juan.
_991508
830 0 _aBiblioteca breve (Seix Barral)
_v108
_9227188
852 _aES-MaACL
_jC-14537
_bR.40205
999 _c130963
_d130963